000 00571nam a2200193Ia 4500
005 20260120124500.0
008 008 260114s9999 xx 000 0 eng d
020 _a9781787563841
037 _aEBOOK
040 _aCRL
_beng
_cCRL
041 _aeng
_2eng
084 _qCRL
245 0 _aQuality Services and Experiences in Hospitality and Tourism
260 _bEmerald Publishing
_c2018
700 _aLiping A. Cai
_9906959
856 _uhttps://www.emerald.com/insight/publication/doi/10.1108/S2042-144320189
942 _cEBOOK
999 _c1498644
_d1498644